<?xml version="1.0" encoding="UTF-8"?>
<record
    xmlns:xsi="http://www.w3.org/2001/XMLSchema-instance"
    xsi:schemaLocation="http://www.loc.gov/MARC21/slim http://www.loc.gov/standards/marcxml/schema/MARC21slim.xsd"
    xmlns="http://www.loc.gov/MARC21/slim">

  <leader>00633nam a22001697a 4500</leader>
  <controlfield tag="003">OSt</controlfield>
  <controlfield tag="005">20240529114941.0</controlfield>
  <controlfield tag="008">240522b           ||||| |||| 00| 0 eng d</controlfield>
  <datafield tag="040" ind1=" " ind2=" ">
    <subfield code="c">AIMIT LIBRARY</subfield>
  </datafield>
  <datafield tag="100" ind1=" " ind2=" ">
    <subfield code="a">BV, Arpitha Rai.</subfield>
    <subfield code="e">2016024</subfield>
    <subfield code="9">166591</subfield>
  </datafield>
  <datafield tag="245" ind1=" " ind2=" ">
    <subfield code="a">FInancial performance evalution a study with reference to dream buzz solutions Mysore /</subfield>
    <subfield code="c">By Arpitha Rai B V; Guided by Ravi Kudtharkar.</subfield>
  </datafield>
  <datafield tag="260" ind1=" " ind2=" ">
    <subfield code="b">Maysore ,</subfield>
    <subfield code="c">2022.</subfield>
  </datafield>
  <datafield tag="650" ind1=" " ind2=" ">
    <subfield code="a">Financial performance.</subfield>
    <subfield code="9">168384</subfield>
  </datafield>
  <datafield tag="700" ind1=" " ind2=" ">
    <subfield code="a">Kudtharkar, Ravi.</subfield>
    <subfield code="e">Guide</subfield>
    <subfield code="9">166592</subfield>
  </datafield>
  <datafield tag="856" ind1=" " ind2=" ">
    <subfield code="3">Dream Buzz Solution</subfield>
    <subfield code="u">www.dreambuzzsolutions.com</subfield>
    <subfield code="y">www.dreambuzzsolutions.com</subfield>
  </datafield>
  <datafield tag="942" ind1=" " ind2=" ">
    <subfield code="2">ddc</subfield>
    <subfield code="c">PRO</subfield>
  </datafield>
  <datafield tag="999" ind1=" " ind2=" ">
    <subfield code="c">230854</subfield>
    <subfield code="d">230854</subfield>
  </datafield>
  <datafield tag="952" ind1=" " ind2=" ">
    <subfield code="0">0</subfield>
    <subfield code="1">0</subfield>
    <subfield code="2">ddc</subfield>
    <subfield code="4">0</subfield>
    <subfield code="7">1</subfield>
    <subfield code="8">PR_MBA</subfield>
    <subfield code="a">AIMIT</subfield>
    <subfield code="b">AIMIT</subfield>
    <subfield code="c">PRB</subfield>
    <subfield code="d">2024-05-22</subfield>
    <subfield code="l">0</subfield>
    <subfield code="p">PRB01881</subfield>
    <subfield code="r">2024-05-22 00:00:00</subfield>
    <subfield code="t">2016024</subfield>
    <subfield code="u">www.dreambuzzsolutions.com</subfield>
    <subfield code="w">2024-05-22</subfield>
    <subfield code="y">PRO</subfield>
  </datafield>
</record>
